Statistics

Αποθηκεύτηκε σε:
Λεπτομέρειες βιβλιογραφικής εγγραφής
Κύριος συγγραφέας: Owen, Frank
Άλλοι συγγραφείς: Jones, Ron
Μορφή: Βιβλίο
Γλώσσα:English
Δημοσίευση: London : Pitman publishing, 1994
Έκδοση:4th ed.
Θέματα:
Ετικέτες: Προσθήκη ετικέτας
Δεν υπάρχουν, Καταχωρήστε ετικέτα πρώτοι!

MARC

LEADER 00000nam a2200000 i 4500
001 1/39741
008 960129s1994 eng d
020 |a 0-273-60320-5 
035 |l 10025102 
040 |a GR-MY-UA  |b gre  |e aacr 
041 0 |a eng 
082 0 |a 519.5 
100 1 |a Owen, Frank. 
245 1 0 |a Statistics /  |c Frank Owen, Ron Jones 
250 |a 4th ed. 
260 |a London :   |b Pitman publishing,   |c 1994 
300 |a 532 σ. 
504 |a Περιλαμβάνει ευρετήριο 
650 0 0 |a Statistics. 
700 1 |a Jones, Ron. 
852 |a INST  |b CHIOS  |e 19960129  |h 519.5 OWE  |p 005200001829  |q 005200001829  |t BK  |y 0 
909 |a Χ  |b 040196